[Event "Lorca op 7th"]
[Site "Lorca"]
[Date "2018.12.28"]
[Round "4"]
[White "Krug Cortegoso, Rodolfo Martin"]
[Black "Melero Fidalgo, Juan de Dios"]
[Result "0-1"]
[WhiteElo "2147"]
[BlackElo "2348"]
[PlyCount "84"]
[EventDate "2018.12.26"]
[EventType "swiss"]
[EventRounds "9"]
[EventCountry "ESP"]
[SourceTitle "CBM 188 Extra"]
[Source "ChessBase"]
[SourceDate "2019.02.26"]
[SourceVersion "1"]
[SourceVersionDate "2019.02.26"]
[SourceQuality "1"]

1. Nf3 Nf6 2. c4 e6 3. g3 d5 4. Bg2 Be7 5. 0-0 0-0 6. b3 a5 7. a3 Nbd7 8. Bb2 c6 9. Qc2 Re8 10. d3 dxc4 11. bxc4 Qc7 12. d4 Nf8 13. e4 Ng6 14. e5 Nd7 15. h4 h6 16. Nbd2 Ngf8 17. Ne4 b6 18. Rfd1 Ba6 19. Rac1 Reb8 20. h5 f5 21. exf6 Nxf6 22. Ne5 Bb7 23. c5 b5 24. Qe2 Re8 25. f4 Nd5 26. Rf1 b4 27. Rfe1 Ba6 28. Qg4 Rab8 29. a4 b3 30. Nd6 Bxd6 31. cxd6 Qxd6 32. Rxc6 Qb4 33. Rec1 Bb7 34. Bxd5 exd5 35. Rxh6 Rbc8 36. Rd1 Rc2 37. Rf6 Bc8 38. f5 Rxe5 39. Bc3 Qxc3 40. dxe5 Qe3+ 41. Kh1 Qf2 42. Rxf8+ Kxf8 0-1

[Event "Almansa op-A"]
[Site "Almansa"]
[Date "2013.08.09"]
[Round "7.6"]
[White "Krug Cortegoso, Rodolfo Martin"]
[Black "Jimenez Martinez, Jose Vicente"]
[Result "0-1"]
[WhiteElo "2178"]
[BlackElo "2238"]
[PlyCount "68"]
[EventDate "2013.08.06"]
[EventType "swiss"]
[EventRounds "9"]
[EventCountry "ESP"]
[SourceTitle "EXT 2024"]
[Source "ChessBase"]
[SourceDate "2023.10.10"]
[SourceVersion "1"]
[SourceVersionDate "2023.10.10"]
[SourceQuality "1"]

1. Nf3 g6 2. c4 Bg7 3. Nc3 d6 4. d4 Nf6 5. e4 0-0 6. h3 e5 7. d5 a5 8. Bg5 Qe8 9. Nd2 Nfd7 10. Be2 Nc5 11. g4 f5 12. gxf5 gxf5 13. Rg1 Kh8 14. Nf1 Bf6 15. Be3 Nba6 16. exf5 Bxf5 17. Ng3 Bg6 18. Qd2 a4 19. f3 b6 20. Nce4 Nxe4 21. fxe4 Nc5 22. Bxc5 bxc5 23. Bg4 Bh4 24. Qh6 Qe7 25. Qe3 Rf4 26. Bf5 Bh5 27. Bg4 Bxg4 28. hxg4 Raf8 29. Ke2 Qg5 30. Nf5 Bf2 31. Qxf2 Rxf2+ 32. Kxf2 Qf4+ 33. Ke2 Qxe4+ 34. Kd2 Qxc4 0-1

[Event "La Roda op 40th"]
[Site "La Roda"]
[Date "2013.03.30"]
[Round "7"]
[White "Hernandez, Ivan"]
[Black "Krug Cortegoso, Rodolfo Martin"]
[Result "1/2-1/2"]
[WhiteElo "2320"]
[BlackElo "2144"]
[PlyCount "33"]
[EventDate "2013.03.27"]
[EventType "swiss"]
[EventRounds "9"]
[EventCountry "ESP"]
[SourceTitle "CBM 153 Extra"]
[Source "ChessBase"]
[SourceDate "2013.04.22"]
[SourceVersion "1"]
[SourceVersionDate "2013.04.22"]
[SourceQuality "1"]

1. d4 Nf6 2. Nf3 g6 3. c4 c5 4. d5 b5 5. cxb5 a6 6. b6 d6 7. Nc3 Qxb6 8. e4 Nbd7 9. Be2 Bg7 10. 0-0 0-0 11. Nd2 Ne5 12. Kh1 g5 13. Rb1 h6 14. b3 Bd7 15. Nc4 Nxc4 16. bxc4 Qa5 17. Kg1 1/2-1/2

[Event "La Roda op 40th"]
[Site "La Roda"]
[Date "2013.03.28"]
[Round "2"]
[White "Krug Cortegoso, Rodolfo Martin"]
[Black "Moskalenko, Viktor"]
[Result "1/2-1/2"]
[WhiteElo "2144"]
[BlackElo "2531"]
[PlyCount "72"]
[EventDate "2013.03.27"]
[EventType "swiss"]
[EventRounds "9"]
[EventCountry "ESP"]
[SourceTitle "CBM 153 Extra"]
[Source "ChessBase"]
[SourceDate "2013.04.22"]
[SourceVersion "1"]
[SourceVersionDate "2013.04.22"]
[SourceQuality "1"]

1. Nf3 d5 2. d4 c6 3. c4 e6 4. g3 Bd6 5. Bg2 f5 6. 0-0 Nf6 7. Qc2 0-0 8. Nc3 Ne4 9. Rb1 Nd7 10. b4 b5 11. cxb5 Nxc3 12. Qxc3 cxb5 13. Bg5 Qb6 14. Rfc1 Qb8 15. Qc6 Nb6 16. Qxb5 Bd7 17. Qa5 Nc4 18. Rxc4 dxc4 19. Ne5 Bxe5 20. dxe5 Qb6 21. Bxa8 Rxa8 22. Qa3 Bc6 23. Be3 Qb5 24. Qc3 a5 25. f3 Bd5 26. a3 h6 27. Kf2 Kh7 28. Qc2 axb4 29. axb4 Kg8 30. Bc5 Ra3 31. Qc1 Rb3 32. Rxb3 cxb3 33. Qd2 Kh7 34. h3 Qc4 35. Bd4 g5 36. Qc3 Qxc3 1/2-1/2

[Event "Almansa op 6th"]
[Site "Almansa"]
[Date "2011.08.11"]
[Round "4"]
[White "Navarro Ortiz de Orruno, Borja"]
[Black "Krug Cortegoso, Rodolfo Martin"]
[Result "1-0"]
[WhiteElo "2216"]
[BlackElo "2127"]
[PlyCount "101"]
[EventDate "2011.08.09"]
[EventType "swiss"]
[EventRounds "9"]
[EventCountry "ESP"]
[SourceTitle "CBM 144 Extra"]
[Source "ChessBase"]
[SourceDate "2011.10.28"]
[SourceVersion "1"]
[SourceVersionDate "2011.10.28"]
[SourceQuality "1"]

1. d4 Nf6 2. c4 g6 3. Nf3 Bg7 4. g3 0-0 5. Bg2 d6 6. 0-0 Nc6 7. Nc3 a6 8. h3 Bd7 9. Be3 Rb8 10. Rc1 e6 11. b3 b5 12. d5 Ne7 13. Nd4 b4 14. dxe6 fxe6 15. Nb1 e5 16. Nc2 Qc8 17. Kh2 Nf5 18. Ba7 Rb7 19. Bxb7 Qxb7 20. Be3 Bc6 21. f3 Nxe3 22. Nxe3 Bh6 23. Ng4 Nxg4+ 24. hxg4 Bxc1 25. Qxc1 e4 26. fxe4 Qc8 27. Rf4 Re8 28. Nd2 Re5 29. Qc2 Qe8 30. Qd3 Qe7 31. Qd4 a5 32. Qa7 g5 33. Rf5 Bxe4 34. Rxe5 Qxe5 35. Qb8+ Kg7 36. Qxc7+ Kg8 37. Qd8+ Kf7 38. Qd7+ Kg8 39. Qc8+ Kg7 40. Qc7+ Kg8 41. c5 Bd5 42. Qd8+ Kf7 43. Qd7+ Kg8 44. e4 Qd4 45. Qe8+ Kg7 46. Qe7+ Kh8 47. exd5 Qxd2+ 48. Kh3 Qf2 49. Qd8+ Kg7 50. Qxg5+ Kh8 51. Qf5 1-0

[Event "Almansa op 6th"]
[Site "Almansa"]
[Date "2011.08.10"]
[Round "2"]
[White "Carrascoso Morales, Abel"]
[Black "Krug Cortegoso, Rodolfo Martin"]
[Result "1-0"]
[WhiteElo "2263"]
[BlackElo "2127"]
[PlyCount "103"]
[EventDate "2011.08.09"]
[EventType "swiss"]
[EventRounds "9"]
[EventCountry "ESP"]
[SourceTitle "CBM 144 Extra"]
[Source "ChessBase"]
[SourceDate "2011.10.28"]
[SourceVersion "1"]
[SourceVersionDate "2011.10.28"]
[SourceQuality "1"]

1. e4 c5 2. Nf3 Nc6 3. Bb5 g6 4. Bxc6 dxc6 5. h3 Bg7 6. d3 Nf6 7. 0-0 0-0 8. Nc3 Nd7 9. Be3 e5 10. Qd2 Qe7 11. a3 a5 12. a4 b6 13. Nh2 f6 14. Rae1 Ba6 15. b3 Rad8 16. h4 Bc8 17. Ne2 h5 18. f4 exf4 19. Nxf4 Ne5 20. Nf3 Kh7 21. Nxe5 Qxe5 22. Qf2 Bg4 23. b4 axb4 24. a5 bxa5 25. Bxc5 Qc3 26. d4 Rfe8 27. Re3 Qc4 28. Rg3 Rxe4 29. Nxg6 Qe2 30. Qxe2 Rxe2 31. Ne7 Bf8 32. Nxc6 Bxc5 33. dxc5 Rdd2 34. Nxa5 Rxc2 35. Nb3 Re4 36. Rxf6 Rc3 37. Nd2 Re1+ 38. Kh2 Rcc1 39. Rd3 Rh1+ 40. Kg3 Rc3 41. Rfd6 Rd1 42. Kf2 Rxc5 43. Re3 Rf5+ 44. Kg3 Kg7 45. Rb3 Rb5 46. Kf2 Kf7 47. Ne4 Rf5+ 48. Kg3 Re1 49. Rxb4 Re5 50. Rb7+ Kf8 51. Rd8+ Re8 52. Rxe8+ 1-0

[Event "Almansa op 6th"]
[Site "Almansa"]
[Date "2011.08.09"]
[Round "1"]
[White "Krug Cortegoso, Rodolfo Martin"]
[Black "Buendia Pinar, Alvaro"]
[Result "1-0"]
[WhiteElo "2127"]
[BlackElo "1941"]
[PlyCount "115"]
[EventDate "2011.08.09"]
[EventType "swiss"]
[EventRounds "9"]
[EventCountry "ESP"]
[SourceTitle "CBM 144 Extra"]
[Source "ChessBase"]
[SourceDate "2011.10.28"]
[SourceVersion "1"]
[SourceVersionDate "2011.10.28"]
[SourceQuality "1"]

1. Nf3 c6 2. c4 d5 3. d4 e6 4. Nbd2 Nf6 5. Qc2 Nbd7 6. e4 dxe4 7. Nxe4 Nxe4 8. Qxe4 Nf6 9. Qe3 Bd6 10. g3 0-0 11. Bg2 Ng4 12. Qe2 c5 13. 0-0 Nf6 14. Rd1 Qe7 15. Be3 Nd7 16. dxc5 Bxc5 17. Bxc5 Qxc5 18. Rac1 Rb8 19. Qd2 b6 20. b4 Qc7 21. Qd6 Qxd6 22. Rxd6 Nf6 23. Ne5 Bb7 24. Nc6 Bxc6 25. Bxc6 Rfd8 26. Rxd8+ Rxd8 27. a4 Rc8 28. b5 Kf8 29. c5 bxc5 30. Rxc5 Nd7 31. Rh5 Nb8 32. Bf3 h6 33. Rh4 Ke7 34. a5 Rc1+ 35. Kg2 Ra1 36. a6 Rb1 37. Be2 Rb2 38. Rc4 Kd6 39. Rc8 Nd7 40. Rc6+ Ke7 41. Bf1 Kd8 42. g4 Ne5 43. Rd6+ Kc7 44. Rd4 g5 45. h3 f6 46. Rd1 Rc2 47. b6+ axb6 48. Ra1 Kb8 49. a7+ Ka8 50. Ra6 Rc7 51. Rxb6 Kxa7 52. Rxe6 Rf7 53. Bb5 Kb7 54. Kg3 Ng6 55. Be8 Re7 56. Rxf6 Ne5 57. Rf8 Rh7 58. f4 1-0

[Event "Albacete op 17th"]
[Site "Albacete"]
[Date "2009.09.04"]
[Round "7"]
[White "Diaz Illescas, Juan Carlos"]
[Black "Krug Cortegoso, Rodolfo Martin"]
[Result "1/2-1/2"]
[WhiteElo "1947"]
[BlackElo "2117"]
[PlyCount "70"]
[EventDate "2009.09.01"]
[EventType "swiss"]
[EventRounds "9"]
[EventCountry "ESP"]
[SourceTitle "CBM 132 Extra"]
[Source "ChessBase"]
[SourceDate "2009.11.03"]
[SourceVersion "1"]
[SourceVersionDate "2009.11.03"]
[SourceQuality "1"]

1. e4 c5 2. Nc3 Nc6 3. f4 e6 4. Nf3 d5 5. Bb5 Nf6 6. Bxc6+ bxc6 7. d3 Be7 8. 0-0 c4 9. e5 Nd7 10. dxc4 Ba6 11. Nd2 Nb6 12. Qg4 g6 13. b3 Qc7 14. Rd1 h5 15. Qf3 Rb8 16. Kh1 h4 17. h3 Bc5 18. Ndb1 Nc8 19. Na4 Bf8 20. Ba3 Qa5 21. Bxf8 Kxf8 22. cxd5 cxd5 23. Qc3 Qxc3 24. Nbxc3 Ne7 25. Nc5 Rc8 26. b4 Bc4 27. N3a4 Kg7 28. Nb2 Be2 29. Rd2 Nf5 30. Kg1 Bb5 31. a4 Bc6 32. Nbd3 d4 33. Rb1 Bd5 34. Rb2 Ne3 35. Rb1 Nf5 1/2-1/2

[Event "ESP-ch Universities"]
[Site "Madrid"]
[Date "2008.05.10"]
[Round "7"]
[White "Grana Lois, Jorge"]
[Black "Krug Cortegoso, Rodolfo Martin"]
[Result "1/2-1/2"]
[WhiteElo "2085"]
[BlackElo "2154"]
[PlyCount "74"]
[EventDate "2008.05.08"]
[EventType "swiss"]
[EventRounds "9"]
[EventCountry "ESP"]
[SourceTitle "CBM 124 Extra"]
[Source "ChessBase"]
[SourceDate "2008.07.03"]
[SourceVersion "1"]
[SourceVersionDate "2008.07.03"]
[SourceQuality "1"]

1. e4 e5 2. Nf3 Nf6 3. Nxe5 d6 4. Nf3 Nxe4 5. d4 d5 6. Bd3 Nc6 7. 0-0 Be7 8. c4 Nb4 9. Be2 0-0 10. Nc3 Bf5 11. a3 Nxc3 12. bxc3 Nc6 13. cxd5 Qxd5 14. Bf4 Na5 15. Nd2 c5 16. Bf3 Qd7 17. Nb3 Qb5 18. Nxa5 Qxa5 19. Qb3 cxd4 20. cxd4 Rad8 21. Qxb7 Rxd4 22. Bc7 Qa4 23. Bc6 Bc8 24. Qa8 Qa6 25. Rfc1 Bf6 26. a4 Bd7 27. Qb7 Qxb7 28. Bxb7 Bxa4 29. Ba5 Bb5 30. Bc3 Ra4 31. Bxf6 gxf6 32. Rxa4 Bxa4 33. Ra1 Rb8 34. Rxa4 Rxb7 35. g3 Kg7 36. Kg2 f5 37. Ra6 f6 1/2-1/2

[Event "ESP-ch Universities"]
[Site "Madrid"]
[Date "2008.05.08"]
[Round "1"]
[White "Garcia Gil, Jesus"]
[Black "Krug Cortegoso, Rodolfo Martin"]
[Result "0-1"]
[WhiteElo "1795"]
[BlackElo "2154"]
[PlyCount "50"]
[EventDate "2008.05.08"]
[EventType "swiss"]
[EventRounds "9"]
[EventCountry "ESP"]
[SourceTitle "CBM 124 Extra"]
[Source "ChessBase"]
[SourceDate "2008.07.03"]
[SourceVersion "1"]
[SourceVersionDate "2008.07.03"]
[SourceQuality "1"]

1. e4 g6 2. Nf3 Bg7 3. d4 d6 4. Be3 a6 5. c4 c5 6. Nc3 cxd4 7. Bxd4 Nf6 8. Qb3 0-0 9. Bb6 Qe8 10. 0-0-0 Nbd7 11. h3 Nxb6 12. Qxb6 Nd7 13. Qb4 Nc5 14. Nd5 Rb8 15. g4 Be6 16. e5 b5 17. cxb5 Bxd5 18. Rxd5 Qc8 19. Kb1 Qb7 20. Qd2 e6 21. bxa6 Qxd5 22. Qxd5 exd5 23. a3 dxe5 24. b4 Rb6 25. Ka2 Nxa6 0-1

[Event "La Roda op 34th"]
[Site "La Roda"]
[Date "2007.04.07"]
[Round "6"]
[White "Kovacevic, Slobodan"]
[Black "Krug Cortegoso, Rodolfo Martin"]
[Result "1-0"]
[WhiteElo "2325"]
[BlackElo "2099"]
[PlyCount "79"]
[EventDate "2007.04.04"]
[EventType "swiss"]
[EventRounds "9"]
[EventCountry "ESP"]
[SourceTitle "CBM 117 Extra"]
[Source "ChessBase"]
[SourceDate "2007.05.09"]
[SourceVersion "1"]
[SourceVersionDate "2007.05.09"]
[SourceQuality "1"]

1. d4 d6 2. Bf4 Nf6 3. Nf3 c5 4. e3 Qb6 5. Qc1 g6 6. h3 Bg7 7. c3 0-0 8. Nbd2 Bf5 9. Be2 Nc6 10. Nc4 Qd8 11. dxc5 d5 12. Ncd2 a5 13. a4 Nd7 14. Nb3 h6 15. 0-0 e5 16. Bg3 Qe7 17. Bb5 Rfc8 18. Rd1 Be6 19. Qc2 Bf5 20. Qe2 Be6 21. Rac1 d4 22. Bc4 dxe3 23. Bxe6 Qxe6 24. Qb5 exf2+ 25. Bxf2 Nf8 26. Nfd2 g5 27. Re1 Ng6 28. Rcd1 Nf4 29. Ne4 Na7 30. Qb6 Nc6 31. Nd6 Rcb8 32. Nc1 Bf6 33. Nd3 Ne7 34. Nxf4 gxf4 35. Qb5 Kh8 36. Qc4 Qxc4 37. Nxc4 Rg8 38. Nxe5 Bxe5 39. Rxe5 Nc6 40. Rf5 1-0

[Event "La Roda op 33rd"]
[Site "La Roda"]
[Date "2006.04.13"]
[Round "3.14"]
[White "Velicka, Petr"]
[Black "Krug Cortegoso, Rodolfo Martin"]
[Result "1-0"]
[WhiteElo "2456"]
[BlackElo "2095"]
[PlyCount "77"]
[EventDate "2006.04.12"]
[EventType "swiss"]
[EventRounds "9"]
[EventCountry "ESP"]
[SourceTitle "CBM 111 Extra"]
[Source "ChessBase"]
[SourceDate "2006.05.09"]
[SourceVersion "1"]
[SourceVersionDate "2006.05.09"]
[SourceQuality "1"]

1. e4 d6 2. d4 Nf6 3. Nc3 g6 4. Bf4 c6 5. Qd2 Bg7 6. Bh6 Bxh6 7. Qxh6 Qa5 8. f3 Be6 9. Nge2 Na6 10. Qd2 0-0-0 11. Nf4 Bd7 12. Bc4 e5 13. Nfe2 Be6 14. Bxe6+ fxe6 15. 0-0-0 exd4 16. Qxd4 Nh5 17. Qxa7 Qg5+ 18. Kb1 e5 19. Rhg1 Nc5 20. Na4 Nxa4 21. Qxa4 Rhf8 22. Rd3 Nf4 23. Nxf4 Qxf4 24. h3 Qh2 25. Qa7 Kc7 26. Rb3 Rb8 27. Qb6+ Kc8 28. Rd3 Rd8 29. Qf2 Qf4 30. Rgd1 Qf6 31. Qa7 Qe7 32. a4 Kc7 33. Rb3 Kc8 34. a5 Qc7 35. Rdd3 Rd7 36. Rb6 d5 37. exd5 Rxd5 38. Rxd5 cxd5 39. Rb5 1-0

[Event "Burgas op 15th"]
[Site "Ourense"]
[Date "2006.??.??"]
[Round "4"]
[White "Barbosa Fernandez, Juan Carlos"]
[Black "Krug Cortegoso, Rodolfo Martin"]
[Result "0-1"]
[WhiteElo "1994"]
[BlackElo "2038"]
[PlyCount "76"]
[EventDate "2006.07.04"]
[EventType "swiss"]
[EventRounds "9"]
[EventCountry "ESP"]
[SourceTitle "CBM 113 Extra"]
[Source "ChessBase"]
[SourceDate "2006.09.14"]
[SourceVersion "1"]
[SourceVersionDate "2006.09.14"]
[SourceQuality "1"]

1. d4 g6 2. Nf3 d6 3. Bf4 Bg7 4. e3 Nd7 5. Nbd2 e5 6. Bg5 Ngf6 7. Bc4 0-0 8. 0-0 Qe8 9. dxe5 dxe5 10. e4 h6 11. Bxf6 Nxf6 12. Qe2 Nh5 13. Nh4 Kh7 14. g3 Bf6 15. Ng2 Bh3 16. Rfd1 Rd8 17. Nf1 c6 18. Nfe3 Bc8 19. Qf3 Rxd1+ 20. Rxd1 Bd8 21. g4 Ng7 22. h4 Qe7 23. c3 Bb6 24. Nf1 Be6 25. Qe2 Rd8 26. Rxd8 Qxd8 27. Ng3 Bxc4 28. Qxc4 Qd1+ 29. Kh2 Ne6 30. f4 Qg1+ 31. Kh3 exf4 32. Qf1 fxg3 33. Qxf7+ Ng7 34. Kxg3 Qc5 35. Nf4 Qe3+ 36. Kh2 Qf2+ 37. Kh3 Qf3+ 38. Kh2 Qxg4 0-1

[Event "Burgas op 15th"]
[Site "Ourense"]
[Date "2006.??.??"]
[Round "3"]
[White "Krug Cortegoso, Rodolfo Martin"]
[Black "Guerra Bastida, Diego"]
[Result "0-1"]
[WhiteElo "2038"]
[BlackElo "2357"]
[PlyCount "50"]
[EventDate "2006.07.04"]
[EventType "swiss"]
[EventRounds "9"]
[EventCountry "ESP"]
[SourceTitle "CBM 113 Extra"]
[Source "ChessBase"]
[SourceDate "2006.09.14"]
[SourceVersion "1"]
[SourceVersionDate "2006.09.14"]
[SourceQuality "1"]

1. Nf3 Nf6 2. c4 g6 3. g3 Bg7 4. Bg2 0-0 5. 0-0 d6 6. Nc3 c5 7. d4 Nc6 8. b3 Ne8 9. e3 Bg4 10. Ne2 e5 11. dxe5 dxe5 12. e4 Qxd1 13. Rxd1 f5 14. Rd2 Nf6 15. Nc3 Nd4 16. Nxe5 Nxe4 17. Nxe4 Bxe5 18. Nxc5 Ne2+ 19. Rxe2 Bxe2 20. Bd5+ Kh8 21. Rb1 Rfd8 22. Bxb7 Rd1+ 23. Kg2 Re8 24. Bd5 h6 25. Nd7 Bg7 0-1

[Event "Burgas op 15th"]
[Site "Ourense"]
[Date "2006.??.??"]
[Round "2"]
[White "Suarez, Alvaro"]
[Black "Krug Cortegoso, Rodolfo Martin"]
[Result "0-1"]
[WhiteElo "1981"]
[BlackElo "2038"]
[PlyCount "54"]
[EventDate "2006.07.04"]
[EventType "swiss"]
[EventRounds "9"]
[EventCountry "ESP"]
[SourceTitle "CBM 113 Extra"]
[Source "ChessBase"]
[SourceDate "2006.09.14"]
[SourceVersion "1"]
[SourceVersionDate "2006.09.14"]
[SourceQuality "1"]

1. e4 d6 2. d4 Nf6 3. Nc3 g6 4. f4 Bg7 5. Nf3 0-0 6. Be3 b6 7. Bd3 c5 8. 0-0 Bb7 9. dxc5 bxc5 10. e5 Ng4 11. Bd2 c4 12. Bxc4 Qb6+ 13. Kh1 Nf2+ 14. Rxf2 Qxf2 15. Nd5 Qc5 16. Ne3 e6 17. Qe1 Bxf3 18. gxf3 Qc6 19. Kg2 dxe5 20. fxe5 Nd7 21. Bb4 Nxe5 22. Bxf8 Qxf3+ 23. Kg1 Bxf8 24. Qg3 Qe4 25. Bf1 Bc5 26. Re1 Nf3+ 27. Kf2 Nxe1 0-1